000
00400nam a22001577a 4500
003
MPLRDC
005
20220104125352.0
008
210129b ||||| |||| 00| 0 eng d
082
_a
857.9 GL-119 v.1
100
_a
古龙增删、标点、评注、续写
245
_a
塞外飞龙. 上
_c
260
_a
_b
黄山书社
_c
300
_b
平
650
_a
武侠小说
942
_c
BK
_o
857.9 GL-119 v.1
999
_c
26816
_d
26806